[Event "Play for Durgesh Fundraiser Blitz"]
[Site "Vishy Anand Arena"]
[Date "2020.09.19"]
[Round "5"]
[White "SAIMANIVANNAN"]
[Black "Passedpawnindia"]
[Result "1-0"]
[WhiteElo "1608"]
[BlackElo "1825"]
[Annotator "NA"]
[PlyCount "87"]
[EventDate "2020.09.19"]
[EventType "swiss (blitz)"]

1. Nf3 Nf6 2. g3 g6 3. Bg2 Bg7 4. c4 O-O 5. Nc3 d6 6. O-O Nc6 7. d4 a6 8. b3 Rb8 9. Bb2 b5 10. cxb5 axb5 11. Rc1 b4 12. Nb1 Bb7 13. Nbd2 Na7 14. Qc2 Nb5 15. e4 Nc3 16. Rfe1 Nxa2 17. Ra1 Nc3 18. Bxc3 bxc3 19. Qxc3 c5 20. e5 cxd4 21. Qxd4 dxe5 22. Qxd8 Rfxd8 23. Nc4 e4 24. Ng5 Bd5 25. Rac1 Rxb3 26. Nxe4 Nxe4 27. Bxe4 Bxe4 28. Rxe4 e6 29. Ne3 Rdb8 30. Rec4 Rb1 31. Kg2 Rxc1 32. Rxc1 h5 33. h3 Bd4 34. Kf3 Rb3 35. Rc4 Bxe3 36. fxe3 Kg7 37. g4 hxg4+ 38. hxg4 g5 39. Rc2 Kg6 40. Re2 Rb1 41. Kg3 Rf1 42. Kg2 Rc1 43. Kg3 Kf6 44. Kg2 1-0

[Event "Play for Durgesh Fundraiser Blitz"]
[Site "Vishy Anand Arena"]
[Date "2020.09.19"]
[Round "5"]
[White "Adireddyarjun"]
[Black "STRANGE"]
[Result "0-1"]
[WhiteElo "1606"]
[BlackElo "2420"]
[PlyCount "152"]
[EventDate "2020.09.19"]
[EventType "swiss (blitz)"]

1. e4 Nf6 2. e5 Nd5 3. d4 d6 4. Nf3 dxe5 5. dxe5 Nc6 6. Bc4 Nb6 7. Qxd8+ Nxd8 8. Bb3 Bg4 9. O-O e6 10. Be3 Bxf3 11. gxf3 Nc6 12. f4 O-O-O 13. Nc3 Be7 14. Rad1 Na5 15. Nb5 a6 16. Bxb6 cxb6 17. Nd4 g6 18. Kg2 Bc5 19. Nf3 Rxd1 20. Rxd1 Rd8 21. Rxd8+ Kxd8 22. Ng5 Ke7 23. Nxh7 b5 24. Nf6 Nc6 25. c3 b4 26. Ne4 Bb6 27. Nd6 bxc3 28. bxc3 Ba5 29. c4 b6 30. Bd1 Nd4 31. h4 b5 32. cxb5 axb5 33. Bb3 Bd2 34. Kg3 b4 35. Ne4 Bc1 36. Bd1 Nf5+ 37. Kh3 Bxf4 38. Nc5 Bxe5 39. Nd3 Bd6 40. h5 gxh5 41. Bxh5 Nd4 42. Bd1 f5 43. f4 Kf6 44. Kg3 Nb5 45. Bb3 Nc3 46. Kf3 Ne4 47. Ke3 Ng3 48. Kd4 Nh5 49. Ke3 Ke7 50. Bc2 Nf6 51. Bd1 Nd5+ 52. Kf3 Kf6 53. Bb3 Nc3 54. Bc4 Ne4 55. Nb2 e5 56. fxe5+ Bxe5 57. Nd3 Nd2+ 58. Ke2 Nxc4 59. Nxb4 Bd6 60. Nd5+ Ke5 61. Ne3 Nxe3 62. Kxe3 Bc5+ 63. Kf3 Ba3 64. Ke3 f4+ 65. Kf3 Kf5 66. Kf2 Ke4 67. Ke2 f3+ 68. Kf2 Kf4 69. Kf1 Kg3 70. Ke1 Kg2 71. Kd2 f2 72. Kc3 f1=Q 73. Kb3 Bd6 74. a4 Qd3+ 75. Ka2 Qc2+ 76. Ka1 Be5# 0-1

[Event "Play for Durgesh Fundraiser Blitz"]
[Site "Vishy Anand Arena"]
[Date "2020.09.19"]
[Round "5"]
[White "Aayush NPS"]
[Black "sanjo_hunter"]
[Result "0-1"]
[WhiteElo "1605"]
[BlackElo "1599"]
[Annotator "NA"]
[PlyCount "82"]
[EventDate "2020.09.19"]
[EventType "swiss (blitz)"]

1. d4 d5 2. Nc3 Nf6 3. Nf3 Bf5 4. e3 e6 5. Bb5+ Nc6 6. Bd3 Bb4 7. Bd2 a6 8. Bxf5 exf5 9. a3 Bd6 10. O-O Na5 11. b4 Nc4 12. Re1 O-O 13. Ne5 Bxe5 14. dxe5 Nxe5 15. Ne2 c6 16. a4 Ne4 17. f3 Nd6 18. b5 cxb5 19. axb5 Nxb5 20. Bb4 Re8 21. f4 Ng4 22. h3 Nxe3 23. Qd2 Rc8 24. Rac1 Qf6 25. Ng3 d4 26. Nh5 Qh6 27. g4 g6 28. Nf6+ Kg7 29. Nxe8+ Rxe8 30. Bc5 Qxh3 31. Re2 Qxg4+ 32. Rg2 Nxg2 33. Qxg2 Qxf4 34. Qxb7 Qxc1+ 35. Kg2 Re2+ 36. Kg3 Qg5+ 37. Kf3 Re3+ 38. Kf2 Qg3+ 39. Kf1 Qe1+ 40. Kg2 Qd2+ 41. Kh1 Re1# 0-1

[Event "Play for Durgesh Fundraiser Blitz"]
[Site "Vishy Anand Arena"]
[Date "2020.09.19"]
[Round "5"]
[White "Parthivkava"]
[Black "PRANAVAJ"]
[Result "0-1"]
[WhiteElo "1605"]
[BlackElo "1790"]
[Annotator "NA"]
[PlyCount "60"]
[EventDate "2020.09.19"]
[EventType "swiss (blitz)"]

1. d4 Nf6 2. Bf4 g6 3. e3 Bg7 4. Nf3 O-O 5. Bd3 d6 6. c3 b6 7. h4 Bb7 8. Nbd2 Nbd7 9. Ng5 e5 10. dxe5 dxe5 11. Bg3 Nc5 12. Bc2 Nh5 13. Bh2 Nd3+ 14. Bxd3 Qxd3 15. Qb3 Ba6 16. O-O-O Qf5 17. Nde4 h6 18. g4 Qxg4 19. Nxf7 Rxf7 20. Nd2 Kh7 21. Qxf7 Rf8 22. Rhg1 Qf5 23. Qxf5 Rxf5 24. Bg3 Nf6 25. Ne4 Nxe4 26. f3 Nxg3 27. Rxg3 Be2 28. Re1 Bxf3 29. e4 Rf4 30. Rf1 Bxe4 0-1

[Event "Play for Durgesh Fundraiser Blitz"]
[Site "Vishy Anand Arena"]
[Date "2020.09.19"]
[Round "5"]
[White "Deer"]
[Black "loss2win"]
[Result "0-1"]
[WhiteElo "1600"]
[BlackElo "1885"]
[Annotator "NA"]
[PlyCount "58"]
[EventDate "2020.09.19"]
[EventType "swiss (blitz)"]

1. e4 e5 2. Nf3 Nc6 3. Bc4 Nf6 4. d3 Ke7 5. O-O d6 6. c3 Be6 7. Nbd2 Qd7 8. Bxe6 Qxe6 9. Ng5 Qg4 10. Qxg4 Nxg4 11. f4 f6 12. Ngf3 Ne3 13. Re1 Nc2 14. Rd1 Nxa1 15. Ne1 exf4 16. b3 g5 17. Bb2 Nxb3 18. axb3 Kf7 19. d4 a6 20. h4 h6 21. c4 Bg7 22. Ndf3 Rhe8 23. Nd2 f5 24. e5 dxe5 25. d5 Ne7 26. hxg5 hxg5 27. Nef3 e4 28. Nxg5+ Kg6 29. Bxg7 Kxg5 0-1

[Event "Play for Durgesh Fundraiser Blitz"]
[Site "Vishy Anand Arena"]
[Date "2020.09.19"]
[Round "5"]
[White "Shashank Karanam"]
[Black "Ramul"]
[Result "0-1"]
[WhiteElo "1597"]
[BlackElo "1877"]
[Annotator "NA"]
[PlyCount "68"]
[EventDate "2020.09.19"]
[EventType "swiss (blitz)"]

1. e4 c5 2. Nf3 e6 3. d4 cxd4 4. Nxd4 a6 5. c4 Nf6 6. Nc3 Bb4 7. Bd3 O-O 8. a3 Be7 9. O-O Nc6 10. Be3 d6 11. f4 e5 12. Nf5 Bxf5 13. exf5 Re8 14. fxe5 dxe5 15. Qc2 Nd4 16. Bxd4 exd4 17. Ne4 Nxe4 18. Bxe4 Bc5 19. Qd3 Qc7 20. Kh1 Rad8 21. b4 Bd6 22. f6 g6 23. h4 b6 24. h5 Re5 25. hxg6 Rh5+ 26. Kg1 Bh2+ 27. Kf2 hxg6 28. Bxg6 Qg3+ 29. Qxg3 Bxg3+ 30. Kxg3 fxg6 31. Rad1 Kf7 32. Rd3 Rg5+ 33. Kh4 Rxg2 34. Rfd1 Rh8# 0-1

[Event "Play for Durgesh Fundraiser Blitz"]
[Site "Vishy Anand Arena"]
[Date "2020.09.19"]
[Round "5"]
[White "Vishvajeet Singh"]
[Black "Architsaigal"]
[Result "1-0"]
[WhiteElo "1591"]
[BlackElo "1657"]
[Annotator "NA"]
[PlyCount "99"]
[EventDate "2020.09.19"]
[EventType "swiss (blitz)"]

1. d4 d5 2. Nf3 Nf6 3. b3 c5 4. Bb2 Bf5 5. c3 e6 6. Nbd2 Bd6 7. e3 O-O 8. h3 Nc6 9. g4 Bg6 10. Nh4 Be4 11. f3 Bg6 12. Nxg6 hxg6 13. f4 cxd4 14. cxd4 Rc8 15. Rc1 Nb4 16. a3 Na2 17. Rxc8 Qxc8 18. Nb1 Ne4 19. Bg2 Nac3 20. Qc2 Nxb1 21. Bxe4 Qxc2 22. Bxc2 Nxa3 23. Bd3 Rc8 24. O-O Nc2 25. Rc1 Rc6 26. Rxc2 Rb6 27. Rc8+ Kh7 28. Bc2 Bb4 29. Bc3 Bd6 30. Kf2 f5 31. Kf3 a6 32. gxf5 gxf5 33. h4 Kg6 34. Be1 Kh5 35. Bg3 Bb4 36. Rh8+ Kg6 37. h5+ Kf6 38. h6 gxh6 39. Rxh6+ Kg7 40. Rh5 Be7 41. Rg5+ Kf7 42. Rh5 Rc6 43. Bh4 Bxh4 44. Rxh4 Rxc2 45. Rh7+ Ke8 46. Rxb7 Kd8 47. Rb6 Kc7 48. Rxe6 Rb2 49. Re5 Rxb3 50. Rxd5 1-0

[Event "Play for Durgesh Fundraiser Blitz"]
[Site "Vishy Anand Arena"]
[Date "2020.09.19"]
[Round "5"]
[White "Saksham2103"]
[Black "abhi_golu"]
[Result "0-1"]
[WhiteElo "1580"]
[BlackElo "1575"]
[Annotator "NA"]
[PlyCount "72"]
[EventDate "2020.09.19"]
[EventType "swiss (blitz)"]

1. e4 c6 2. Nf3 d5 3. exd5 cxd5 4. d4 Bg4 5. Be2 Nf6 6. O-O e6 7. c3 Nc6 8. h3 Bh5 9. Bg5 Be7 10. Bxf6 Bxf6 11. Nbd2 Qb6 12. Qb3 O-O 13. Qxb6 axb6 14. Rfe1 Bxf3 15. Nxf3 Ra7 16. Bb5 Ra5 17. Bxc6 bxc6 18. Nd2 c5 19. Nb3 Rb5 20. Re3 Ra8 21. dxc5 Rxb3 22. c6 Rxb2 23. a4 Rc8 24. a5 Rxc6 25. a6 Rc8 26. a7 Ra8 27. c4 Rc2 28. cxd5 Bxa1 29. dxe6 fxe6 30. Rxe6 Rc1+ 31. Kh2 Rcc8 32. Rxb6 Rxa7 33. Rb1 Be5+ 34. g3 Ra2 35. Kg2 Re2 36. Rb5 Rf8 0-1

[Event "Play for Durgesh Fundraiser Blitz"]
[Site "Vishy Anand Arena"]
[Date "2020.09.19"]
[Round "5"]
[White "advay_aggarwal"]
[Black "pranay20"]
[Result "0-1"]
[WhiteElo "1580"]
[BlackElo "1477"]
[Annotator "NA"]
[PlyCount "42"]
[EventDate "2020.09.19"]
[EventType "swiss (blitz)"]

1. e4 c5 2. Nf3 d6 3. d4 cxd4 4. Nxd4 Nf6 5. Nc3 g6 6. Bb5+ Bd7 7. Bxd7+ Nbxd7 8. O-O Bg7 9. Bg5 O-O 10. Bxf6 Bxf6 11. Re1 Rc8 12. Nd5 Bg7 13. c4 e6 14. Nf4 Bxd4 15. Qxd4 e5 16. Qxd6 exf4 17. Qxf4 Rxc4 18. Rac1 Rxc1 19. Rxc1 Nb6 20. e5 Qd5 21. Rc7 Qd1# 0-1

[Event "Play for Durgesh Fundraiser Blitz"]
[Site "Vishy Anand Arena"]
[Date "2020.09.19"]
[Round "5"]
[White "amurali"]
[Black "MMT2007"]
[Result "0-1"]
[WhiteElo "1578"]
[BlackElo "1906"]
[Annotator "NA"]
[PlyCount "122"]
[EventDate "2020.09.19"]
[EventType "swiss (blitz)"]

1. e4 c5 2. Nc3 g6 3. f4 Bg7 4. Nf3 Nc6 5. Bb5 d6 6. d3 e6 7. O-O Nge7 8. Qe1 O-O 9. Qh4 d5 10. f5 exf5 11. exd5 Nxd5 12. Bg5 f6 13. Nxd5 fxg5 14. Nxg5 h6 15. Bc4 Qxg5 16. Qxg5 hxg5 17. Nb6+ Kh7 18. Nxa8 b5 19. Bxb5 Nd4 20. Ba4 Bb7 21. Nc7 Rc8 22. Nb5 Nc6 23. Nd6 Rc7 24. Nxb7 Rxb7 25. Bxc6 Rxb2 26. Rac1 Rxa2 27. Bd5 Rb2 28. Bb3 a5 29. Ra1 Bd4+ 30. Kh1 Bc3 31. Ra4 Bb4 32. Rd1 Kh6 33. d4 cxd4 34. h3 Bc3 35. Ra2 Rxa2 36. Bxa2 a4 37. Bb3 axb3 38. cxb3 f4 39. Rd3 Kg7 40. b4 Bxb4 41. Rxd4 Be7 42. Rd7 Kf6 43. Ra7 Ke6 44. Rb7 Bd6 45. Rg7 Kf5 46. Kg1 Ke6 47. Kf1 Kd5 48. Rh7 Be5 49. Ke2 Ke4 50. h4 Kf5 51. h5 gxh5 52. Rxh5 Kg4 53. Rh1 Bd4 54. Ra1 Be3 55. Ra4 Kg3 56. Ra8 g4 57. Rg8 Bc5 58. Rxg4+ Kxg4 59. Kf1 Kg3 60. Ke2 Kxg2 61. Ke1 f3 0-1

[Event "Play for Durgesh Fundraiser Blitz"]
[Site "Vishy Anand Arena"]
[Date "2020.09.19"]
[Round "5"]
[White "Harshinianand"]
[Black "LegendBoy6"]
[Result "0-1"]
[WhiteElo "1576"]
[BlackElo "1560"]
[Annotator "NA"]
[PlyCount "100"]
[EventDate "2020.09.19"]
[EventType "swiss (blitz)"]

1. e4 e5 2. Nf3 Nc6 3. Bc4 Nf6 4. d3 Bc5 5. c3 d6 6. a4 a5 7. Nbd2 Ng4 8. O-O h5 9. h3 Nxf2 10. Rxf2 Bxf2+ 11. Kxf2 Qf6 12. Nf1 Be6 13. Bg5 Qg6 14. Ne3 f6 15. Bxe6 fxg5 16. Bf5 Qf6 17. d4 g6 18. dxe5 Nxe5 19. Nxe5 gxf5 20. Nd5 Qxe5 21. Nxc7+ Kd7 22. Nxa8 Rxa8 23. exf5 Qxf5+ 24. Qf3 Qxf3+ 25. Kxf3 Rf8+ 26. Ke3 g4 27. hxg4 hxg4 28. Rd1 Re8+ 29. Kf2 Rf8+ 30. Kg3 Rg8 31. Rd4 Re8 32. Rd2 Re4 33. b3 Re3+ 34. Kxg4 Rxc3 35. Kh5 Rxb3 36. g4 Rb4 37. g5 Rxa4 38. g6 Re4 39. g7 Re8 40. Kg6 Rg8 41. Kf7 Rxg7+ 42. Kxg7 b5 43. Kf6 Kc6 44. Ke6 a4 45. Rxd6+ Kc5 46. Rd5+ Kc4 47. Kd6 b4 48. Kc6 Kc3 49. Rc5+ Kb3 50. Rb5 a3 0-1

[Event "Play for Durgesh Fundraiser Blitz"]
[Site "Vishy Anand Arena"]
[Date "2020.09.19"]
[Round "5"]
[White "nachikethv"]
[Black "ArunaD"]
[Result "0-1"]
[WhiteElo "1573"]
[BlackElo "1569"]
[Annotator "NA"]
[PlyCount "48"]
[EventDate "2020.09.19"]
[EventType "swiss (blitz)"]

1. e4 e5 2. d3 d6 3. d4 Nc6 4. d5 Nce7 5. Nf3 f5 6. Bd3 Nf6 7. O-O fxe4 8. Bb5+ c6 9. dxc6 bxc6 10. Ba4 exf3 11. Qxf3 Bd7 12. Bg5 Ng6 13. Nc3 Be7 14. Rfe1 O-O 15. Bxf6 Rxf6 16. Qe4 d5 17. Qd3 e4 18. Qd4 Qb6 19. Qd2 Bc5 20. Rf1 Raf8 21. Nd1 Bg4 22. b4 Bd4 23. c3 Be5 24. Ne3 Be6 0-1

[Event "Play for Durgesh Fundraiser Blitz"]
[Site "Vishy Anand Arena"]
[Date "2020.09.19"]
[Round "5"]
[White "Big_lion"]
[Black "Sparsh gupta"]
[Result "0-1"]
[WhiteElo "1564"]
[BlackElo "1498"]
[Annotator "NA"]
[PlyCount "76"]
[EventDate "2020.09.19"]
[EventType "swiss (blitz)"]

1. d4 Nf6 2. c4 c5 3. e3 Nc6 4. Nf3 d6 5. Be2 Bf5 6. Nc3 Nb4 7. Qa4+ Qd7 8. Qxd7+ Kxd7 9. O-O Nc2 10. Rb1 Nxd4 11. e4 Nxe2+ 12. Nxe2 Bxe4 13. Ra1 Bxf3 14. gxf3 e6 15. b3 d5 16. Ba3 b6 17. Rad1 Kc6 18. Rb1 Be7 19. b4 Rab8 20. b5+ Kc7 21. Nf4 dxc4 22. Rfd1 Rhd8 23. Re1 Nd5 24. Rxe6 fxe6 25. Nxe6+ Kd7 26. Nxd8 Rxd8 27. Rd1 Ke6 28. Re1+ Kf7 29. Bb2 c3 30. Ba1 c2 31. Bb2 Nb4 32. Re2 Rd1+ 33. Kg2 c1=Q 34. Bxc1 Rxc1 35. a3 Rc2 36. Re4 Nd3 37. f4 Rxf2+ 38. Kg3 Rxf4 0-1

[Event "Play for Durgesh Fundraiser Blitz"]
[Site "Vishy Anand Arena"]
[Date "2020.09.19"]
[Round "5"]
[White "Prashanth_k01"]
[Black "RRaman"]
[Result "0-1"]
[WhiteElo "1564"]
[BlackElo "1820"]
[Annotator "NA"]
[PlyCount "44"]
[EventDate "2020.09.19"]
[EventType "swiss (blitz)"]

1. d4 d5 2. Nf3 e6 3. e3 f5 4. c4 c6 5. Nc3 Bd6 6. Qc2 g6 7. cxd5 exd5 8. Ne5 Nd7 9. f4 Ngf6 10. Be2 Ne4 11. Nxe4 fxe4 12. O-O O-O 13. Bg4 Nxe5 14. fxe5 Bxg4 15. exd6 Rxf1+ 16. Kxf1 Qxd6 17. Kg1 Rf8 18. Bd2 Be2 19. a3 Bd3 20. Qd1 Qf6 21. Qg4 Qf1+ 22. Rxf1 Rxf1# 0-1

[Event "Play for Durgesh Fundraiser Blitz"]
[Site "Vishy Anand Arena"]
[Date "2020.09.19"]
[Round "5"]
[White "Stormingrage_60"]
[Black "TejusD"]
[Result "0-1"]
[WhiteElo "1562"]
[BlackElo "1620"]
[Annotator "NA"]
[PlyCount "88"]
[EventDate "2020.09.19"]
[EventType "swiss (blitz)"]

1. Nf3 c5 2. g3 Nc6 3. Bg2 e6 4. d3 Nf6 5. Bg5 Be7 6. Nc3 O-O 7. Ne4 Nxe4 8. Bxe7 Qxe7 9. dxe4 b6 10. Nd2 Bb7 11. f3 d5 12. O-O Rae8 13. c3 d4 14. c4 Ne5 15. b3 f6 16. Nb1 h6 17. Na3 g5 18. Nb5 Bc6 19. Nxa7 f5 20. Nb5 Bxb5 21. cxb5 fxe4 22. fxe4 Rxf1+ 23. Qxf1 Ng4 24. Qe1 Ne3 25. Rc1 Nxg2 26. Kxg2 g4 27. Qf2 h5 28. Qf4 Rf8 29. Qh6 Qf7 30. Qg5+ Kh8 31. Qg6 Qxg6 32. Rf1 Qxe4+ 33. Kg1 Rxf1+ 34. Kxf1 Qf5+ 35. Ke1 Qb1+ 36. Kd2 Qxa2+ 37. Kd3 Qxb3+ 38. Ke4 Qxb5 39. e3 c4 40. exd4 c3 41. Kf4 c2 42. Ke4 c1=Q 43. d5 Qe2+ 44. Kd4 Qcd2# 0-1

[Event "Play for Durgesh Fundraiser Blitz"]
[Site "Vishy Anand Arena"]
[Date "2020.09.19"]
[Round "5"]
[White "Saathwikthegreat"]
[Black "VugarAsadli"]
[Result "0-1"]
[WhiteElo "1561"]
[BlackElo "2247"]
[PlyCount "52"]
[EventDate "2020.09.19"]
[EventType "swiss (blitz)"]

1. e4 g6 2. d4 Bg7 3. Nf3 d6 4. Nc3 a6 5. Be3 b5 6. a3 Bb7 7. Be2 Nd7 8. O-O Rc8 9. Nd2 c5 10. d5 Ngf6 11. f4 O-O 12. e5 dxe5 13. fxe5 Nxe5 14. Rf2 Nxd5 15. Nxd5 Qxd5 16. Bf3 Nxf3+ 17. Nxf3 Bxb2 18. Qxd5 Bxd5 19. Rd1 Bxf3 20. Rxf3 Be5 21. Rd5 Bd6 22. Rf1 c4 23. Bc1 Rc5 24. Rfd1 Rxd5 25. Rxd5 Rc8 26. c3 Rc5 0-1

[Event "Play for Durgesh Fundraiser Blitz"]
[Site "Vishy Anand Arena"]
[Date "2020.09.19"]
[Round "5"]
[White "Danish2009"]
[Black "Amalraj001"]
[Result "0-1"]
[WhiteElo "1555"]
[BlackElo "1625"]
[Annotator "NA"]
[PlyCount "60"]
[EventDate "2020.09.19"]
[EventType "swiss (blitz)"]

1. e4 c5 2. Nf3 d6 3. d4 cxd4 4. Nxd4 Nf6 5. Nc3 a6 6. a3 e5 7. Nf3 Be6 8. Bd3 h6 9. O-O Be7 10. h3 O-O 11. Be3 Nbd7 12. Qd2 Kh7 13. Rfd1 Nc5 14. Nd5 Nxd3 15. Nxf6+ Bxf6 16. Qxd3 Be7 17. b4 f5 18. c4 Rb8 19. exf5 Bxf5 20. Qd2 Qc7 21. Rac1 Rbc8 22. Qc3 Bf6 23. Qd2 Rfd8 24. Qe2 Qe7 25. c5 d5 26. Bd2 d4 27. Re1 Re8 28. a4 e4 29. Nh2 d3 30. Qe3 Bg5 0-1

[Event "Play for Durgesh Fundraiser Blitz"]
[Site "Vishy Anand Arena"]
[Date "2020.09.19"]
[Round "5"]
[White "Prochamp27"]
[Black "Dhanush2004"]
[Result "1-0"]
[WhiteElo "1554"]
[BlackElo "1648"]
[Annotator "NA"]
[PlyCount "49"]
[EventDate "2020.09.19"]
[EventType "swiss (blitz)"]

1. e4 e5 2. Nf3 Nc6 3. Bc4 Bc5 4. Nc3 Nf6 5. O-O d6 6. h3 Be6 7. d3 Bxc4 8. dxc4 h6 9. Be3 Bb6 10. Nd5 Nxd5 11. exd5 Ne7 12. Bxb6 axb6 13. a4 Ng6 14. Re1 Nf4 15. Nd4 O-O 16. Ne2 Qf6 17. Nxf4 Qxf4 18. Qg4 Qd2 19. Re2 Qb4 20. c3 Qa5 21. b4 Qa7 22. Re3 Kh8 23. Rg3 Rg8 24. Qf5 Raf8 25. f4 1-0

[Event "Play for Durgesh Fundraiser Blitz"]
[Site "Vishy Anand Arena"]
[Date "2020.09.19"]
[Round "5"]
[White "VRK"]
[Black "Castle_64"]
[Result "1-0"]
[WhiteElo "1554"]
[BlackElo "1654"]
[Annotator "NA"]
[PlyCount "71"]
[EventDate "2020.09.19"]
[EventType "swiss (blitz)"]

1. e4 c5 2. Nf3 Nc6 3. Bb5 g6 4. O-O Bg7 5. Bxc6 bxc6 6. Nc3 Nf6 7. d3 O-O 8. Be3 Qa5 9. Qd2 d5 10. Nxd5 Qxd2 11. Nxe7+ Kh8 12. Nxd2 Bd7 13. Bxc5 Rfe8 14. e5 Ng4 15. Ne4 Nxe5 16. f4 Ng4 17. Rae1 Bxb2 18. Nd6 Rf8 19. Nc4 Bf6 20. h3 Nh6 21. g4 Bh4 22. Re2 Rfe8 23. g5 Nf5 24. Nxf5 Bxf5 25. Rxe8+ Rxe8 26. Nd6 Re2 27. Nxf7+ Kg7 28. Nh6 Bxh3 29. Rf3 Be6 30. Re3 Rxc2 31. Bd4+ Kf8 32. Rxe6 Rc1+ 33. Kg2 Rc2+ 34. Kf3 Bxg5 35. Ke4 Rxa2 36. fxg5 1-0

[Event "Play for Durgesh Fundraiser Blitz"]
[Site "Vishy Anand Arena"]
[Date "2020.09.19"]
[Round "5"]
[White "Niru_g"]
[Black "Vaca100"]
[Result "0-1"]
[WhiteElo "1549"]
[BlackElo "1707"]
[Annotator "NA"]
[PlyCount "158"]
[EventDate "2020.09.19"]
[EventType "swiss (blitz)"]

1. d4 Nf6 2. Bf4 g6 3. e3 Bg7 4. Nf3 d6 5. Nbd2 O-O 6. Bc4 Nbd7 7. O-O Qe8 8. c3 e5 9. Bg3 Nh5 10. Qb3 Nxg3 11. hxg3 c6 12. Rfe1 d5 13. Be2 e4 14. Nh2 Nf6 15. c4 h5 16. cxd5 cxd5 17. Rac1 Qe7 18. a3 Be6 19. Qa4 Ng4 20. Nxg4 hxg4 21. b4 Bf6 22. Nb3 b6 23. Rc2 Rac8 24. Rec1 Kg7 25. Rxc8 Rxc8 26. Rxc8 Bxc8 27. Qb5 Be6 28. a4 Qd7 29. Qxd7 Bxd7 30. b5 Kf8 31. f3 gxf3 32. gxf3 Bg5 33. Kf2 f5 34. fxe4 fxe4 35. g4 Be7 36. Bd1 Kf7 37. Nc1 Kf6 38. Kg3 Kg5 39. Nb3 Ba3 40. Nd2 Bc1 41. Nf1 Be6 42. Be2 Ba3 43. Bd1 Bd6+ 44. Kh3 Kf6 45. Be2 Kg5 46. Bd1 Bd7 47. Ng3 Bb4 48. Nf1 Be6 49. Be2 Kf6 50. Bd1 Kg7 51. Be2 Bc3 52. Bd1 g5 53. Be2 Kf6 54. Bd1 Ke7 55. Be2 Kd6 56. Bd1 Kc7 57. Be2 Kb7 58. Bd1 a6 59. Be2 axb5 60. axb5 Bd7 61. Bd1 Bb4 62. Be2 Be7 63. Ng3 Bf6 64. Nf5 Bxf5 65. gxf5 Kc7 66. Kg4 Kd6 67. Kh5 Ke7 68. Kg6 g4 69. Bxg4 Bh4 70. Bh5 Bf6 71. Kh7 Bh4 72. Bg6 Bf6 73. Kg8 Bh4 74. Bf7 Kf6 75. Bxd5 Bf2 76. Bxe4 Bxe3 77. Bd3 Bxd4 78. Be4 Bc5 79. Kh7 Bb4 0-1

[Event "Play for Durgesh Fundraiser Blitz"]
[Site "Vishy Anand Arena"]
[Date "2020.09.19"]
[Round "5"]
[White "VK2003"]
[Black "Duvvaabbulu"]
[Result "0-1"]
[WhiteElo "1533"]
[BlackElo "1650"]
[Annotator "NA"]
[PlyCount "82"]
[EventDate "2020.09.19"]
[EventType "swiss (blitz)"]

1. e4 d6 2. Nf3 Nf6 3. Nc3 Nbd7 4. Bc4 e5 5. d3 Be7 6. h3 h6 7. Be3 Nf8 8. Qd2 c6 9. Ne2 b5 10. Bb3 a5 11. c3 Be6 12. Ng3 a4 13. Bc2 g5 14. d4 Qc7 15. Nf5 Bxf5 16. exf5 N8d7 17. dxe5 dxe5 18. Nh2 Nd5 19. Ng4 N7f6 20. Qe2 a3 21. Bb3 axb2 22. Qxb2 Nxg4 23. hxg4 Nxe3 24. f3 Nd5 25. Bxd5 cxd5 26. Qxb5+ Qd7 27. Qb3 Kf8 28. O-O Kg7 29. Rfd1 Rhd8 30. Rd2 Rab8 31. Qc2 Bf6 32. Rad1 d4 33. cxd4 exd4 34. Qc4 Rbc8 35. Kh1 Rxc4 36. Kh2 Rc3 37. Kh3 d3 38. Kh2 Rc2 39. Kh3 Rxd2 40. Kh2 Qd4 41. Kh3 Rxd1 0-1

[Event "Play for Durgesh Fundraiser Blitz"]
[Site "Vishy Anand Arena"]
[Date "2020.09.19"]
[Round "5"]
[White "Palakchaurasia"]
[Black "Mithilesh2009"]
[Result "0-1"]
[WhiteElo "1529"]
[BlackElo "1500"]
[Annotator "NA"]
[PlyCount "74"]
[EventDate "2020.09.19"]
[EventType "swiss (blitz)"]

1. e4 e5 2. Nf3 Nf6 3. Nc3 Bc5 4. Bb5 Ng4 5. d4 exd4 6. Nxd4 Nxf2 7. Kxf2 Qf6+ 8. Ke3 O-O 9. Na4 Bxd4+ 10. Qxd4 Qg5+ 11. Ke2 Qxg2+ 12. Ke3 Qxh1 13. Bd2 Qxa1 14. a3 Qg1+ 15. Kd3 Qxd4+ 16. Kxd4 c6 17. Be2 b5 18. Nc5 Na6 19. Bc3 Nxc5 20. Kxc5 Bb7 21. b3 Rad8 22. e5 f6 23. exf6 gxf6 24. a4 d6+ 25. Kb4 c5+ 26. Kxb5 a6+ 27. Kb6 Rb8 28. Bc4+ Bd5+ 29. Kxa6 Bxc4+ 30. bxc4 f5 31. Ka5 f4 32. Be1 f3 33. h3 f2 34. Bxf2 Rxf2 35. h4 Rxc2 36. h5 Rcb2 37. h6 Ra8# 0-1

[Event "Play for Durgesh Fundraiser Blitz"]
[Site "Vishy Anand Arena"]
[Date "2020.09.19"]
[Round "5"]
[White "Kaushik kh"]
[Black "Invokeanand"]
[Result "1-0"]
[WhiteElo "1520"]
[BlackElo "1386"]
[Annotator "NA"]
[PlyCount "25"]
[EventDate "2020.09.19"]
[EventType "swiss (blitz)"]

1. e4 e5 2. d4 exd4 3. Nf3 Nc6 4. Nxd4 Nxd4 5. Qxd4 Nf6 6. Bg5 b6 7. e5 Bc5 8. Qh4 h6 9. exf6 gxf6 10. Bxf6 Bxf2+ 11. Kxf2 d5 12. Bxd8 Be6 13. Qe7# 1-0

[Event "Play for Durgesh Fundraiser Blitz"]
[Site "Vishy Anand Arena"]
[Date "2020.09.19"]
[Round "5"]
[White "Supriya H B"]
[Black "Sans360"]
[Result "0-1"]
[WhiteElo "1520"]
[BlackElo "1393"]
[Annotator "NA"]
[PlyCount "54"]
[EventDate "2020.09.19"]
[EventType "swiss (blitz)"]

1. e4 c5 2. Nf3 e6 3. Nc3 a6 4. d4 cxd4 5. Nxd4 Nc6 6. Be3 Nf6 7. Nxc6 bxc6 8. e5 Nd5 9. Nxd5 cxd5 10. Be2 d6 11. Bd4 dxe5 12. Bxe5 Qg5 13. Bf3 Qxe5+ 14. Be2 Bc5 15. c3 O-O 16. O-O Bb7 17. Bf3 Bd6 18. g3 Bc6 19. Bg2 Bb5 20. Re1 Qf6 21. Qd4 Qxd4 22. cxd4 Rac8 23. Rac1 Rc7 24. Rxc7 Bxc7 25. Rc1 Bb6 26. Bf1 Bxf1 27. Kxf1 Bxd4 0-1

[Event "Play for Durgesh Fundraiser Blitz"]
[Site "Vishy Anand Arena"]
[Date "2020.09.19"]
[Round "5"]
[White "Aryam_2006"]
[Black "Mukunda2507"]
[Result "0-1"]
[WhiteElo "1519"]
[BlackElo "1671"]
[Annotator "NA"]
[PlyCount "36"]
[EventDate "2020.09.19"]
[EventType "swiss (blitz)"]

1. e4 c5 2. Nf3 d6 3. Bb5+ Nd7 4. d4 a6 5. Bc4 cxd4 6. Ng5 e6 7. Qxd4 Ngf6 8. O-O Be7 9. Nc3 Ne5 10. Bb3 O-O 11. f4 Nc6 12. Qd3 h6 13. Nf3 Ng4 14. h3 Qb6+ 15. Nd4 Nxd4 16. hxg4 Nxc2+ 17. Kh1 Nxa1 18. Qd4 Qxd4 0-1

[Event "Play for Durgesh Fundraiser Blitz"]
[Site "Vishy Anand Arena"]
[Date "2020.09.19"]
[Round "5"]
[White "Abracadabra"]
[Black "Smokyqueen"]
[Result "1-0"]
[WhiteElo "1513"]
[BlackElo "1596"]
[Annotator "NA"]
[PlyCount "51"]
[EventDate "2020.09.19"]
[EventType "swiss (blitz)"]

1. e4 e5 2. Nf3 Nc6 3. Bc4 Bc5 4. c3 Nf6 5. d3 d5 6. exd5 Nxd5 7. O-O O-O 8. Nbd2 Bg4 9. Ne4 Bb6 10. h3 Bh5 11. Ng3 Bg6 12. Re1 Re8 13. Qb3 Na5 14. Qd1 Nxc4 15. dxc4 Nf4 16. Qxd8 Raxd8 17. Nxe5 f6 18. Bxf4 fxe5 19. Bxe5 Rd2 20. Nh1 Rxb2 21. Bd4 Rf8 22. c5 Ba5 23. Re7 Rc2 24. Rxg7+ Kh8 25. Rxg6+ Rf6 26. Bxf6# 1-0

[Event "Play for Durgesh Fundraiser Blitz"]
[Site "Vishy Anand Arena"]
[Date "2020.09.19"]
[Round "5"]
[White "Yutikareddi"]
[Black "Ritvik1705"]
[Result "0-1"]
[WhiteElo "1511"]
[BlackElo "1386"]
[Annotator "NA"]
[PlyCount "76"]
[EventDate "2020.09.19"]
[EventType "swiss (blitz)"]

1. e4 e5 2. Nf3 Nf6 3. Nc3 Nc6 4. Bc4 Bb4 5. d3 Bxc3+ 6. bxc3 d6 7. Bg5 O-O 8. Nh4 h6 9. Bxh6 gxh6 10. Qf3 Bg4 11. Qg3 Kh7 12. h3 Be6 13. Bxe6 fxe6 14. Qg6+ Kh8 15. Qxh6+ Nh7 16. Ng6+ Kg8 17. Nh4 Qf6 18. Qh5 Qf7 19. Ng6 d5 20. O-O dxe4 21. Rae1 exd3 22. Re3 dxc2 23. Rf3 Qe8 24. Rxf8+ Qxf8 25. Nxf8 Rxf8 26. Rc1 e4 27. Rxc2 a5 28. Re2 Rf4 29. Qg6+ Kh8 30. Qe8+ Kg7 31. Qxe6 Ng5 32. Qe5+ Nxe5 33. g3 Rf5 34. g4 Ngf3+ 35. Kf1 Rf4 36. Rb2 Nh2+ 37. Ke1 Nd3+ 38. Kd1 Nxb2+ 0-1